| 000 | 00629nam a22002057i 4500 | ||
|---|---|---|---|
| 001 | 454 | ||
| 003 | OSt | ||
| 005 | 20170126082243.0 | ||
| 007 | tu | ||
| 008 | 161220s1987 xxu||||| |||| 00| 0 d | ||
| 024 | 7 |
_a453 _2RID |
|
| 040 | _cOSt | ||
| 084 |
_a3.21 _a3.272 _a15.6 _2z |
||
| 245 | 0 | 0 | _aPoland,Reform,Adjustment,and Growth.In Two Vol.Ed.:The World Bank.Vol.1.:The Main Report.The Economic System. Vol.2.:Agriculture,Manufacturing,Minerals,Energy,Transport, |
| 260 |
_aWashington,D.C., _c1987. |
||
| 300 |
_a212(Vol.1),435(Vol.2) S. ; _c30cm. |
||
| 490 | _aWorld Bank Country Study | ||
| 651 | _aPoland | ||
| 110 | 2 |
_aWorld Bank _eEd. |
|
| 942 | _cB | ||
| 999 |
_c448 _d448 |
||